20 Films avec Arnold Schwarzenegger (Mort subite) - Statistiques

Statistiques générales
  • Ce quiz a été pris 347 fois
  • Le résultat moyen est 13 sur 20
Answers on the Grid
Answers color-coded by a green-red scale on the quiz's grid according to % correct below.
Conan le Barbare
Conan le Destructeur
Terminator
Commando
Predator
Running Man
Jumeaux
Total Recall
Un Flic à la Maternelle
Last Action Hero
True Lies
La Course au Jouet
A l'Aube du Sixième Jour
Expendables : Unité spéciale
Evasion
Maggie
Kalidor, la Légende du Talisman
Le Contrat
Double Détente
Batman et Robin
Rambo
Rocky IV
Titanic
Avatar
Star Wars épisode I: La Menace Fantôme
Les Evadés
La Ligne Verte
Ghost
Gladiator II
V pour Vendetta
Speed
Juste Cause
Le Parrain
Shutter Island
Forrest Gump
Rain Man
The Truman Show
Pulp Fiction
Requiem for a Dream
Fargo
 
Statistiques - réponses
Réponse % Correct
Terminator
89%
Conan le Barbare
79%
Un Flic à la Maternelle
79%
Predator
78%
Total Recall
77%
Expendables : Unité spéciale
76%
Commando
74%
Conan le Destructeur
73%
Last Action Hero
71%
La Course au Jouet
69%
Jumeaux
68%
True Lies
64%
Double Détente
56%
Kalidor, la Légende du Talisman
56%
Le Contrat
53%
A l'Aube du Sixième Jour
52%
Batman et Robin
49%
Evasion
49%
Running Man
49%
Maggie
26%
Aucun quiz correspondant
Distribution des résultats
% des personnes avec chaque résultat
Percentile par nombre de réponses
Votre historique - résultats
Vous n’avez pas pris ce quiz